British seapower and procurement between the wars : a reappraisal of rearmament /

Bibliographic Details
Main Author: Gordon, G. A. H. (Gilbert Andrew Hugh)
Format: Book
Language:English
Published: Annapolis, Md. : Naval Institute Press, 1988.
Subjects:

MARC

Tag First Indicator Second Indicator Subfields
LEADER 00000cam a2200000 a 4500
001 in00000018095
005 20151007053142.0
008 880404s1988 mdu b 00110 eng d
010 |a  87061278  
020 |a 0870218948 
035 |a (OCoLC)17727821 
035 |9 AAB0579AM 
040 |a NHC  |c NHC  |d TXA  |d UtOrBLW 
049 |a TXAM  |c [A11488470]  |a TXAS [mil]  |c 2 
050 4 |a VF57  |b .G67 1988 
100 1 |a Gordon, G. A. H.  |q (Gilbert Andrew Hugh) 
245 1 0 |a British seapower and procurement between the wars :  |b a reappraisal of rearmament /  |c G.A.H. Gordon. 
264 1 |a Annapolis, Md. :  |b Naval Institute Press,  |c 1988. 
300 |a ix, 321 pages ; 22 cm. 
336 |a text  |b txt  |2 rdacontent 
337 |a unmediated  |b n  |2 rdamedia 
338 |a volume  |b nc  |2 rdacarrier 
504 |a Bibliography: pages 299-306. 
500 |a Includes index. 
650 0 |a Ordnance, Naval  |z Great Britain  |x History  |y 20th century. 
610 1 0 |a Great Britain.  |b Royal Navy  |x Ordnance and ordnance stores. 
651 0 |a Great Britain  |x Defenses. 
999 |a MARS 
999 f f |s 980a0085-3fc2-39f8-94f8-8e16d4924135  |i e92e4cd6-e6c1-3065-81d9-5fac0f786b20  |t 0 
952 f f |p noncirc  |a Texas A&M University  |b College Station  |c Cushing Memorial Library & Archives  |s cush mil  |d Cushing: Ragan Military (Does not check out)  |t 0  |e VF57 .G67 1988  |h Library of Congress classification  |i unmediated -- volume 
952 f f |p ric  |a Texas A&M University  |b Rellis Campus  |c Joint Library Facility  |s JLF  |d Remote Storage  |t 0  |e VF57 .G67 1988  |h Library of Congress classification  |i unmediated -- volume  |m A14811488470 
998 f f |a VF57 .G67 1988  |t 0  |l Remote Storage 
998 f f |a VF57 .G67 1988  |t 0  |l Cushing: Ragan Military (Does not check out)